000 00220 a2200097 4500
001 13344
100 _aHutchigion, E H
245 _aArab - Israeli Conflect
260 _aLondon
_bJohn Calder Ltd
_c
090 _c10360
_d10360
942 _aNUST-CAE
_cM
_c404
999 _c248417
_d248417